000
00249nam a2200097Ia 4500
008
240331s9999 xx 000 0 und d
082
_b
JOT
100
_a
Jothilingam, S.A
245
0
_a
Ilangayin innaprachanayum arasiyal theervu yosanaihalum
942
_c
L
999
_c
1392
_d
1392